Welcome to the Holygrace Academy Library

Please use search bar below to get started

AN APPETITE FOR WONDER (Record no. 5118)

MARC details
000 -LEADER
fixed length control field 00355nam a22001337a 4500
020 ## - INTERNATIONAL STANDARD BOOK NUMBER
ISBN 978-0-593-07090-1
082 ## - DEWEY DECIMAL CLASSIFICATION NUMBER
Classification number 808.2
Item number DAW/A
100 ## - MAIN ENTRY--AUTHOR NAME
Personal name DAWKINS,RICHRD
245 ## - TITLE STATEMENT
Title AN APPETITE FOR WONDER
260 ## - PUBLICATION, DISTRIBUTION, ETC. (IMPRINT)
Place of publication LONDON
Name of publisher BANTAM PRESS
300 ## - PHYSICAL DESCRIPTION
Number of Pages 308
650 ## - SUBJECT ADDED ENTRY--TOPICAL TERM
Topical Term PERSONAL JOURNEY BACK TO AN ENCHANTING CHILDHOOD IN COLONIAL AFRICA
Geographic subdivision LONDON
942 ## - ADDED ENTRY ELEMENTS (KOHA)
Koha item type Books
Holdings
Withdrawn status Lost status Collection code Home library Current library Shelving location Date acquired Source of acquisition Full call number Accession Number Koha item type
    Reference Main Library Main Library SHELF-17G-PERSONALITY DEVELOPMENT BOOKS 03/10/2015 PURCHASE 808.2 DAW/A 09674 Books